000 00920nam a22002057a 4500
008 230110b2019 at ||||| |||| 00| 0 eng d
020 _a9781760022334
041 _aeng
245 _aThe law affecting valuation of land in Australia
250 _a6th
260 _aAlexandria, NSW, Australia,
_bThe Federation Press,
_c2020
300 _axl; 769p
500 _aDonated by the author
520 _aThe sixth edition contains valuation law and principles as of June 2019 applied by the courts and tribunals throughout Australia. Care must be exercised in relying upon law and principles extracted from the courts and tribunals in other States and Territories as slight difference in the wording of statutes and regulations can cause different interpretations of the relevant sections and clauses.
650 _aValuation
650 _aLand
651 _aAustralia
690 _96273
_aValuation
942 _n0
999 _c121309
_d121309